Statistics for Most Cigarettes per Capita

Click here to take the quiz!

General Stats

  • This quiz has been taken 61 times
  • The average score is 15 of 25

Answer Stats

RankCigarettesAnswer% Correct
92,295.0Russia
93%
221,849.4Ukraine
81%
142,043.0China
78%
122,078.6Greece
78%
211,898.6Serbia
76%
32,911.3Belarus
74%
241,770.7Turkey
74%
52,491.6Albania
72%
251,767.2Bosnia and Herzegovina
69%
161,985.7Armenia
63%
72,427.9Czech Republic
63%
112,236.5Slovenia
63%
201,917.7Georgia
61%
132,060.3Hungary
61%
191,927.0Austria
59%
42,784.9North Macedonia
59%
181,961.4Cyprus
52%
231,800.9Kazakhstan
52%
102,291.7Syria
50%
62,440.9Belgium
48%
152,037.5Lebanon
46%
26,330.9Luxembourg
46%
171,982.5Mongolia
43%
82,306.1Jordan
35%
16,398.3Andorra
31%

Score Distribution

Percentile by Number Answered

Percent of People with Each Score

Your Score History

You have not taken this quiz